Countries of Asia - Sudden Death - Statistics

General Stats
  • This quiz has been taken 107 times
    61 since last reset
  • The average score is 21 of 25
Answers on the Grid
Answers color-coded by a green-red scale on the quiz's grid according to % correct below.
Australia
Bahamas
Bangladesh
Bhutan
Bolivia
Brunei
Bulgaria
China
Tunisia
Fiji
Djibouti
Greece
India
Indonesia
Iran
Iraq
Sri Lanka
Japan
Jordan
Malaysia
Mongolia
Montenegro
Myanmar
Nepal
North Korea
Palau
Papua New Guinea
Paraguay
Philippines
Qatar
Finland
Saudi Arabia
Singapore
Somalia
Syria
Thailand
UAE
USA
Vietnam
Yemen
 
Answer Stats
Answer % Correct
Bangladesh
100%
Bhutan
100%
Brunei
100%
China
100%
Nepal
87%
India
83%
Indonesia
83%
Iran
83%
Iraq
83%
Japan
83%
Malaysia
83%
Mongolia
83%
Myanmar
83%
North Korea
83%
Philippines
83%
Singapore
83%
Sri Lanka
83%
UAE
83%
Vietnam
83%
Yemen
83%
Jordan
80%
Qatar
80%
Saudi Arabia
80%
Syria
80%
Thailand
80%
No matching quizzes found
Score Distribution
Percent of People with Each Score
Percentile by Number Answered
Your Score History
You have not taken this quiz since the last reset